The geographical distribution of animals. : With a study of the relations of living and extinct faunas as elucidating the past changes of the earth's surface /

Bibliographic Details
Main Author: Wallace, Alfred Russel, 1823-1913
Format: Book
Language:English
Published: New York : Harper & brothers, 1876.
Subjects:

MARC

Tag First Indicator Second Indicator Subfields
LEADER 00000cam a2200000 4500
001 in00000051415
005 20151007071934.0
008 770531s1876 nyuab 00010 eng
010 |a  42046246  
035 |a (OCoLC)03005343 
035 |9 AAE6917AM 
040 |a DLC  |c LNU  |d TXA  |d UtOrBLW 
049 |a TXAM  |v 1 [154862]  |v 2 [154863] 
050 0 0 |a QL101  |b .W18 1876a 
092 |a 591.9  |b W187g 
100 1 |a Wallace, Alfred Russel,  |d 1823-1913. 
245 1 4 |a The geographical distribution of animals. :  |b With a study of the relations of living and extinct faunas as elucidating the past changes of the earth's surface /  |c By Alfred Russel Wallace ... 
264 1 |a New York :  |b Harper & brothers,  |c 1876. 
300 |a 2 volumes :  |b XX plate, 7 maps (3 folded, including frontispiece) tables ;  |c 23 cm. 
336 |a text  |b txt  |2 rdacontent 
337 |a unmediated  |b n  |2 rdamedia 
338 |a volume  |b nc  |2 rdacarrier 
650 0 |a Zoogeography. 
650 0 |a Paleontology. 
999 |a MARS 
999 f f |s 9e1cf69d-a9fb-3431-9979-fef93e86e468  |i 3b28867f-9257-39c3-8e80-f941b495ed0c  |t 0 
952 f f |p noncirc  |a Texas A&M University  |b College Station  |c Cushing Memorial Library & Archives  |d Cushing: Rare Books (Does not check out)  |t 0  |e QL101 .W18 1876  |h Library of Congress classification  |i unmediated -- volume  |k v.2 
952 f f |p noncirc  |a Texas A&M University  |b College Station  |c Cushing Memorial Library & Archives  |d Cushing: Rare Books (Does not check out)  |t 0  |e QL101 .W18 1876  |h Library of Congress classification  |i unmediated -- volume  |k v.1 
952 f f |p ric  |a Texas A&M University  |b Rellis Campus  |c Joint Library Facility  |d Remote Storage  |t 0  |e QL101 .W18 1876a  |h Library of Congress classification  |i unmediated -- volume  |k v.2  |m A14801009038 
952 f f |p ric  |a Texas A&M University  |b Rellis Campus  |c Joint Library Facility  |d Remote Storage  |t 0  |e QL101 .W18 1876a  |h Library of Congress classification  |i unmediated -- volume  |k v.1  |m A14801009020 
998 f f |a QL101 .W18 1876a  |s v.1-v.2  |t 0  |l Remote Storage 
998 f f |a QL101 .W18 1876  |s v.1-v.2  |t 0  |l Cushing: Rare Books (Does not check out)